Регионална библиотека "Любен Каравелов" - Русе

Червенокосото (Запис номер 145312)

MARC детайли
000 -Лидер
Контролно поле с фиксирана дължина 01709nam a2200385 a 4500
003 - Код на организацията, давaща контролен номер
Контролно поле BLK
005 - Дата и час на последна редакция
Контролно поле 20250329150529.0
008 - Елементи от данни с фиксирана дължина
fixed length control field 180410b bul|||||r ||||||| ||bul||
010 ## - Наследен системен номер
LC control number KNG00151485000
040 ## - Източник на каталожния запис
Идентификатор на билиотеката - собственик на записа BLK
041 ## - Код за език
Код за езика на текст/звукозапис или на отделно заглавие Български
Код за езика КДБФ Български
080 ## - УДК
Текстов определител УДК Френска литература
УДК код - определител по УДК 821.133.1
УДК определител -93-31
УДК - код + определител 821.133.1-93-31
100 1# - Редна дума - Автор
Автор Ренар, Жул
Авторска отговорност първи автор
R(LIN) 328645
139 ## - Редно поле
Редна дума Ренар, Жул
Авторски знак Рен - Р 52
245 10 - Сведения за заглавието
Заглавие Червенокосото
Подзаглавни данни Роман за деца
Редно поле (дума) Жул Ренар; прев. от фр. с послесл. Мария Атанасова Далчева; худож. Кирил Петров Мавров; * Киро Мавров.
257 ## - Страна на издаване
Страна на създаване/издаване Франция
260 ## - Област на издателските данни
Място на издаване, разпространение и проч. София
Име на издателя, разпространителя и проч. Отечество
Година на издаване 1985
300 ## - Физическа характеристика
Страници 159 с.
Илюстрации и др. с ил., 1 портр.
Размери/Мащаб 21 см
380 ## - Жанр
Жанр Детска худож. лит.
490 ## - СЕРИИ (Колекции)
Име на серия Избрани книги за деца и юноши
9 (RLIN) 202174
500 ## - Общи забележки
Забележка Ориг. загл. Poil de carotte. - В кн. ил. означен Киро Мавров. - 23 000 тир.
653 ## - Ключова дума – ненормативна
Ключова дума детска литература
653 ## - Ключова дума – ненормативна
Ключова дума литература за деца
653 ## - Ключова дума – ненормативна
Ключова дума романи
700 1# - Други автори (авторска отговорност)
Лично име Далчева, Мария Атанасова
Дати, свързани с автора 1940-2021
Друга информация Преводач от/на френски език.
9 (RLIN) 58133
700 1# - Други автори (авторска отговорност)
Лично име Мавров, Кирил Петров
Автороска отговорност (Описва отношението между автора и произведението) худож.
9 (RLIN) 328646
700 1# - Други автори (авторска отговорност)
Лично име Мавров, Киро
Автороска отговорност (Описва отношението между автора и произведението) *
9 (RLIN) 377571
852 ## - Местоположение
Форматна сигнатура Цб 262632
856 4# - Електронен адрес и достъп
Електронен формат pdf - файл
Инструкция (цена за достъп) 0.70
Права за достъп disable
856 4# - Електронен адрес и достъп
Електронен формат pdf - файл
Инструкция (цена за достъп) 0.70
Права за достъп disable
999 ## - СИСТЕМНИ КОНТРОЛНИ НОМЕРА
Koha biblionumber 145312
Koha biblioitemnumber 145312
942 ## - АРТИКУЛИ
Вид на библиотечния материал Книги
Скрит в OPAC Не
Периодичен библиозапис Да
944 ## - СЪЗДАВАНЕ И РЕДАКЦИЯ на ЗАПИСА
Създаване/Редакция Създаване
Дата на регистрацията/редакция 07.10.2013
Статус, дата на статуса Геновева Генчева
Служител, извършил регистрацията/редакцията 30560
944 ## - СЪЗДАВАНЕ И РЕДАКЦИЯ на ЗАПИСА
Създаване/Редакция Редакция
Дата на регистрацията/редакция 07.10.2013
Статус, дата на статуса 07.10.2013 - от С1,Р / 07.10.2013
999 ## - СИСТЕМНИ КОНТРОЛНИ НОМЕРА
Koha biblioitemnumber 145312
Наличности
Код за отписване Код за изгубен артикул Източник на класификационната схема Код за повреда Коз за рестрикции Код за отдаване Артикулен № Име на библиотеката - собственик Име на библиотеката, в която се намира в момента Статус (Текущо местоположение) Дата на вписване в системата Местоположение - отдел Цена в лева Инвентарен номер Систематично азбучна сигнатура Баркод Номер на екземпляра Цена в евро Служебна бележка Служебен тип на артикула
  Не е изгубен Universal Decimal Classification Не е повреден само за читалня ползва се в читалня 241291 Регионална библиотека "Любен Каравелов" Русе Регионална библиотека "Любен Каравелов" Русе Хранилище 1985-01-01 Хранилище 0.70 434883 Цб 262632 120000434883 1 0.36 N: стар фонд Дата: 01.01.1985 Книги
  Не е изгубен Universal Decimal Classification Не е повреден без рестрикции заемане за дома 241292 Регионална библиотека "Любен Каравелов" Русе Регионална библиотека "Любен Каравелов" Русе Детски отдел 1985-01-01 Детски отдел 0.70 435771 ДХ 820/899/Р 52 120000435771 2 0.36 N: стар фонд Дата: 01.01.1985 Дата инв: 10.08.2015 Бележки инв: Д2015 Книги
  Не е изгубен Universal Decimal Classification Не е повреден без рестрикции заемане за дома 241293 Регионална библиотека "Любен Каравелов" Русе Регионална библиотека "Любен Каравелов" Русе Детски отдел 1985-01-01 Детски отдел 4.00 665242 ДХ 820/899/Р 52 120000665242 3 2.05 N: стар фонд Дата: 01.01.1985 Дата инв: 10.08.2015 Бележки инв: Д2015 Книги
Vip Innovations Ltd, Rousse, Bulgaria 2025